LEADER 01084nam2-2200373---450 001 990000645650203316 005 20210302094752.0 035 $a0064565 035 $aUSA010064565 035 $a(ALEPH)000064565USA01 035 $a0064565 100 $a20010928d1989----km-y0itay0103----ba 101 $aita 102 $aIT 105 $a||||||||001yy 200 1 $a1928-1939$fa cura di Nello e Paolo Vian$v2 210 $aRoma$cEdizioni di storia e letteratura$d1989 215 $aVII, 405 p.$c18 p. di tav.; ill.$d26 cm 410 $12001 461 $10010064563$12001$aCarteggio 606 0 $aGiuliotti, Domenico$xLettere a Giovanni Papini 606 0 $aPapini, Giovanni$xLettere a Domenico Giuliotti 676 $a928.45 700 1$aGIULIOTTI,$bDomenico$0157034 701 1$aPAPINI,$bGiovanni$0162753 702 1$aVIAN,$bNello 702 1$aVIAN,$bPaolo 801 0$aIT$bsalbc$gISBD 912 $a990000645650203316 951 $aX.3.A. 785/2(III E 1799/II)$b102956 L.M.$cIII E 959 $aBK 969 $aUMA 996 $a1928-1939$9958230 997 $aUNISA LEADER 01080nam0 22003133i 450 001 MIL0186601 005 20251003044227.0 010 $a8872590256 100 $a20081124d1993 ||||0itac50 ba 101 | $aita 102 $ait 181 1$6z01$ai $bxxxe 182 1$6z01$an 200 1 $aTemi d'esame di geometria$fAda Varisco 205 $a2 ed 210 $aMilano$cCittaStudi$d1993 215 $a366 p.$d24 cm. 606 $aGeometria$xEsercizi$2FIR$3CFIC016377$9E 676 $a516.0076$9GEOMETRIA. Prontuari scolastici ed esercizi$v14 676 $a516.0076$9GEOMETRIA. Prontuari scolastici ed esercizi$v22 700 1$aVarisco$b, Ada$3MILV083954$4070$0770495 801 3$aIT$bIT-000000$c20081124 850 $aIT-BN0095 901 $bNAP 01$cSALA DING $n$ 912 $aMIL0186601 950 0$aBiblioteca Centralizzata di Ateneo$b1 v.$c1 v.$d 01SALA DING 516.0076 VAR.te$e 0102 0000021245 VMA A4 1 v.$fY $h19960201$i19960201 977 $a 01 996 $aTemi d'esame di geometria$91572198 997 $aUNISANNIO